10 Closest Capitals to New Delhi Quiz Stats

 Plays Quiz Updated Dec 27, 2018

Support Sporcle.
Go Orange.
Score 0/10 Timer 02:00
3 Plays Today
Capital % Correct
Islamabad, Pakistan
93.7%
Kathmandu, Nepal
82.8%
Kabul, Afghanistan
77.5%
Dhaka, Bangladesh
68.3%
Thimphu, Bhutan
53.9%
Bishkek, Kyrgyzstan
48%
Tashkent, Uzbekistan
45.6%
Dushanbe, Tajikistan
41.4%
Ashgabat, Turkmenistan
33.5%
Muscat, Oman
16%

You're not logged in!

Compare scores with friends on all Sporcle quizzes.
OR
Log In
Forgot?

From the Vault

'Y' in Every Category

by Scuadrado

'Y' not give this a try?
Remove Ads.
Support Sporcle.
Get the best of Sporcle when you Go Orange. This ad-free experience offers more features, more stats, and more fun while also helping to support Sporcle. Thank you for becoming a member.

Show Comments

Extras

Top Quizzes Today


Score Distribution

Your Account Isn't Verified!

In order to create a playlist on Sporcle, you need to verify the email address you used during registration. Go to your Sporcle Settings to finish the process.

Report this User

Report this user for behavior that violates our Community Guidelines.

Details: